01307pab a2200157 454500008004000000100002400040245003600064260000900100300001300109520084300122650002700965773003800992909001001030999001701040952009201057180718b2003 xxu||||| |||| 00| 0 eng d aKashyap, Subhash C. aUnion-states relations in India c2003 ap.28-39. aWhen we talk of centre-state relationship, the image that comes up is that of the centre of power and the periphery, while Union-State relationship would convey the picture of the relationship between the whole and the part. The Constitution of India conceived of the division of the country into states only for convenience of administration. It sought to achieve a smooth working relationship between the two levels of the Union and the states by tilting heavily in favour of the Union in all the fields of legislative, administrative and financial relations while retaining the structure of the Constitution as federal. In the present scenario both integrational and disintegrational - centripetal and centrifugal - forces are at work at the same time at various levels- political, economic, administrative and emotional. - Reproduced. aCentre state relations aIndian Journal of Federal Studies a56221 c56221d56221 00104070aIIPAbIIPAd2018-07-19hVolume no: 1, pAR56666r2018-07-19w2018-07-19yAR